Experimental Design of Drying Kinetics Measurements
Uložené v:
| Hlavný autor: | |
|---|---|
| Ďalší autori: | |
| Médium: | Rukopis Kniha |
| Jazyk: | Slovak English |
| Vydavateľské údaje: |
2023
|
| Predmet: | |
| On-line prístup: | http://is.stuba.sk/zp/portal_zp.pl?podrobnosti=163573 |
| Tagy: |
Žiadne tagy, Buďte prvý, kto otaguje tento záznam!
|
MARC
| LEADER | 00000ntm a22000003a 4500 | ||
|---|---|---|---|
| 001 | stuzp94292 | ||
| 003 | SK-STU | ||
| 005 | 20230909221632.1 | ||
| 007 | ta | ||
| 008 | 150427s2015----xo-----f-mn---000-0-slo-d | ||
| 040 | |a STU |b slo | ||
| 041 | 0 | |a eng | |
| 100 | 1 | |a Řežucha, Michal |u 046230 |4 aut |U FCHPT Ústav chemického a environmentálneho inžinierstva |T FCHPT Oddelenie chemického a biochemického inžinierstva |X 91837 |U C6230 |Y 119 |7 91837 | |
| 242 | 0 | 1 | |a Návrh experimentálneho zariadenia a štúdium kinetiky sušenia |y slo |
| 245 | 1 | 0 | |a Experimental Design of Drying Kinetics Measurements |
| 260 | |c 2023 | ||
| 650 | 4 | |a experimentálna štúdia |2 slo | |
| 650 | 4 | |a charakteristická krivka sušenia |2 slo | |
| 650 | 4 | |a kontinuálna gravimetria |2 slo | |
| 650 | 4 | |a rýchlosť sušenia |2 slo | |
| 650 | 4 | |a characteristic drying curve |2 eng | |
| 650 | 4 | |a continuous gravimetry |2 eng | |
| 650 | 4 | |a experimental study |2 eng | |
| 650 | 4 | |a drying rate |2 eng | |
| 700 | 1 | |a Variny, Miroslav |u 046230 |k Z1 |4 ths |U FCHPT Ústav chemického a environmentálneho inžinierstva |T FCHPT Oddelenie chemického a biochemického inžinierstva |X 25916 |U C6230 |Y 119 |7 A000025916 | |
| 856 | 4 | |u http://is.stuba.sk/zp/portal_zp.pl?podrobnosti=163573 | |